=LDR 00000nam 2200000 4500 =001 INLIS000000000012798 =005 20130612104303 =008 ***********************************Ind** =035 ##$$0010-061300000012798 =041 ##$$a Ind =082 ##$$a 611.92 =090 ##$$a 611.92, Pal m =100 ##$$a Patterson, Clara e =245 ##$$a Menghindari Kerut muka dengan latihan Isnuitriks sampai 10 menit sehari =260 ##$$a 1983 $b Jakarta =300 ##$$a 62 hlm., Ilus, 21 cm =700 ##$$a Aminunddon =850 ##$$a NBPNMAT